000 00350pab a2200145 454500
008 180718b1983 xxu||||| |||| 00| 0 eng d
100 _aPatel, A.R.
245 _aExploiting potential of rural industries
260 _c1983
300 _a364-9
362 _aJuly
650 _aIndustry, Rural - India
773 _aKhadi Gramodyog
909 _a10674
999 _c10674
_d10674